000 00430cam a22001337a 4500
008 180718b1974 xxu||||| |||| 00| 0 eng d
082 _aT3942x54 In2/RTC/1972
100 _aTariff Commission
245 _aReport on the fair prices for Rayon Tyre Cord
_cby Tariff Commission, India
260 _aDelhi
_bThe Controller of Publications
_c1974
300 _a47+p.
500 _aChairman: D.P. Anand
700 _aAnand, D.P. (Chairman)
999 _c489774
_d489774